000 01028nac a22002771i 4500
003 EG-ScBUE
005 20250716085349.0
008 250716t1985 enka f b 001 0 eng d
020 _a0198551630
040 _aEG-ScBUE
_beng
_erda
_cEG-ScBUE
_dEG-ScBUE
082 0 4 _a541.3453
_bGAS
_222
100 1 _aGasser, R. P. H.,
_eauthor.
245 1 3 _aAn introduction to chemisorption and catalysis by metals /
_cR.P.H. Gasser, formerly University Lecturer in Physical Chemistry and fellow of Corpus Christi, Oxford.
264 1 _aOxford :
_bClarendon Press ;
_aNew York :
_bOxford University Press,
_c[1985]
264 4 _cc1985
300 _axii, 260 pages :
_billustrations ;
_c24 cm
336 _2rdacontent
_atext
_btxt
337 _aunmediated
_2rdamedia
_bn
338 _avolume
_bnc
_2rdacarrier
504 _aIncludes bibliographical references and index.
650 7 _aChemisorption.
_2BUEsh
650 7 _aCatalysis.
_2BUEsh
650 7 _aMetal catalysts.
_2BUEsh
655 _vReading book
942 _cBB
_2ddc
999 _c6470
_d6470